000
00262nam a2200109Ia 4500
008
231212s1973 xx 000 0 und d
041
_a
eng
082
_a
621.384
100
_a
Smale P.H.
245
_a
Telecommunication System
260
_a
New York
_b
John Wi
_c
1973
999
_c
958375
_d
958375